Bread or Brat? Quiz Stats

Quiz Updated Mar 17, 2015

Also try: Cake or Death?
Challenge
Share
Tweet
Embed
Score 0/40 Timer 05:00
8 Plays Today
Hint Bread (B) or Sausage (S) % Correct
Brioche???
90.8%
Ciabatta???
90.4%
Pita???
90.3%
Knackwurst???
89.7%
Focaccia???
89.2%
Pepperoni???
89.1%
Salami???
88.6%
Tortilla???
88.4%
Braunschweiger???
86.8%
Pumpernickel???
86.8%
Chorizo???
86.7%
Haggis???
84.1%
Challah???
83.9%
Kielbasa???
83.3%
Andouille???
81.1%
Bhakri???
75.8%
Hallulla???
73.6%
Chapati???
71.4%
Cabanossi???
70.6%
Bazlama???
69.8%
Hint Bread (B) or Sausage (S) % Correct
Piadina???
69%
Malooga???
67%
Mortadella???
63.6%
Frikandel???
61.9%
Boule???
61.7%
Bublik???
60.7%
Landjäger???
57.8%
Botifarra???
57.3%
Sai ua???
57.1%
Falukorv???
54.7%
Saveloy???
53.4%
Sangak???
53.3%
Cervelat???
52.4%
Zwieback???
51.7%
Proja???
46.8%
Himbasha???
45.1%
Skilidas???
45%
Longaniza???
41.9%
Mustamakkara???
41.2%
Borodinsky???
22.5%

You're not logged in!

Compare scores with friends on all Sporcle quizzes.
Sign Up with Email
OR
Log In

You Might Also Like...

Show Comments

Extras

Top Quizzes Today


Score Distribution

Your Account Isn't Verified!

In order to create a playlist on Sporcle, you need to verify the email address you used during registration. Go to your Sporcle Settings to finish the process.